000 00694nam a2200253Ia 4500
003 OSt
005 20220928113658.0
006 a|||||r|||| 00| 0
007 ta
008 220927b |||||||| |||| 00| 0 eng d
024 _a67523
037 _cTextual
040 _aSDCL
_cSDCL
_beng
041 _2eng
_aeng
082 _aR4, P3
100 _aDarwall Stephen Ed.
_9407066
245 0 _aContractarianism/Contractualism
260 _aOxford
_bBlackwell
_c2003
300 _avii,286p
_ccm.
490 _aBlackwell reading in philosophy Ed by Steven M Cahn
650 _aEthics-Philosophy
942 _hR4, P3
_cTEXL
_2CC
999 _c750778
_d750778